000 00430nam a2200145 i 4500
001 81452
003 ES-MaACL
007 t|
008 041104s1980 sp ||||1| spa d
100 1 _aHuarte, Juan.
_964468
245 1 3 _aLa realidad primaria de lo económico y el sentido de la economía /
_cJuan Huarte.
260 _a[Madrid] :
_bUnion Editorial,
_c1980.
300 _a222 p. ;
_c23 cm.
852 _aES-MaACL
_jC-7399
_bR.100317
999 _c81452
_d81452